000 00688nam a2200277Ia 4500
005 20260121125357.0
008 008 260114s9999 xx 000 0 eng d
020 _a9780271081632
037 _aEBOOK
040 _aCRL
040 _beng
040 _cCRL
041 _2eng
041 _aeng
084 _qCRL
100 _aCronin, J. Keri
_9991939
245 0 _aArt for Animals: Visual Culture and Animal Advocacy, 1870-1914
260 _bWalter de Gruyter
260 _bWalter de Gruyter
260 _c2018
650 _aHistory
_9991940
856 _uhttp://www.degruyter.com/isbn/9780271081632
942 _cEBOOK
999 _c1561566
_d1561566